| 000 | 00670nam a2200217 i 4500 | ||
|---|---|---|---|
| 001 | 129379 | ||
| 003 | ES-MaACL | ||
| 005 | 20250815112923.0 | ||
| 007 | t| | ||
| 008 | 070614s1965 mx ||||1| spa d | ||
| 080 | _a66 | ||
| 100 | 1 |
_aThatcher, Charles M. _9109872 |
|
| 245 | 1 | 0 |
_aFundamentos de ingeniería química / _cpor Charles M. Thatcher ; [traducido por J.A. Lanuza]. |
| 250 | _a[1ª ed.]. | ||
| 260 |
_aMéxico : _bCompañía Editorial Continental, _c[1965] |
||
| 300 |
_a493 p. : _bil. ; _c24 cm. |
||
| 650 | 1 | 7 |
_aQuímica industrial _2embne _916636 |
| 700 | 1 |
_aLanuza, J. A. _970107 |
|
| 852 |
_aES-MaACL _jA-5991 _bR.94950 |
||
| 999 |
_c129379 _d129379 |
||